<?xml version="1.0" encoding="UTF-8"?>
<record
    xmlns:xsi="http://www.w3.org/2001/XMLSchema-instance"
    xsi:schemaLocation="http://www.loc.gov/MARC21/slim http://www.loc.gov/standards/marcxml/schema/MARC21slim.xsd"
    xmlns="http://www.loc.gov/MARC21/slim">

  <leader>00517nam a22001697a 4500</leader>
  <controlfield tag="005">20260309155539.0</controlfield>
  <controlfield tag="008">260309b        |||||||| |||| 00| 0 eng d</controlfield>
  <datafield tag="020" ind1=" " ind2=" ">
    <subfield code="a">978-81-970374-0-5</subfield>
  </datafield>
  <datafield tag="041" ind1=" " ind2=" ">
    <subfield code="a">Marathi</subfield>
  </datafield>
  <datafield tag="082" ind1=" " ind2=" ">
    <subfield code="a">X 891 GHO B12274</subfield>
  </datafield>
  <datafield tag="100" ind1=" " ind2=" ">
    <subfield code="a">&#x918;&#x94B;&#x923;&#x938;&#x947;, &#x936;&#x94D;&#x92F;&#x93E;&#x92E;&#x93E;</subfield>
    <subfield code="9">216878</subfield>
  </datafield>
  <datafield tag="245" ind1=" " ind2=" ">
    <subfield code="a">&#x915;&#x94D;&#x930;&#x93E;&#x902;&#x924;&#x926;&#x930;&#x94D;&#x936;&#x940; &#x92E;&#x939;&#x93E;&#x924;&#x94D;&#x92E;&#x93E; &#x92C;&#x938;&#x935;&#x947;&#x936;&#x94D;&#x935;&#x930;</subfield>
  </datafield>
  <datafield tag="260" ind1=" " ind2=" ">
    <subfield code="a">Pune</subfield>
    <subfield code="b">Bharatiya Vichar Sadhana</subfield>
    <subfield code="c">2024</subfield>
  </datafield>
  <datafield tag="300" ind1=" " ind2=" ">
    <subfield code="a">267p</subfield>
    <subfield code="b">pb</subfield>
  </datafield>
  <datafield tag="365" ind1=" " ind2=" ">
    <subfield code="a">Rupaye</subfield>
    <subfield code="b">650</subfield>
    <subfield code="c">INR</subfield>
  </datafield>
  <datafield tag="942" ind1=" " ind2=" ">
    <subfield code="c">BK</subfield>
  </datafield>
  <datafield tag="999" ind1=" " ind2=" ">
    <subfield code="c">370623</subfield>
    <subfield code="d">370623</subfield>
  </datafield>
  <datafield tag="952" ind1=" " ind2=" ">
    <subfield code="0">0</subfield>
    <subfield code="1">0</subfield>
    <subfield code="2">ddc</subfield>
    <subfield code="4">0</subfield>
    <subfield code="7">0</subfield>
    <subfield code="a">BTIN</subfield>
    <subfield code="b">BTIN</subfield>
    <subfield code="d">2026-02-16</subfield>
    <subfield code="e">Bhartiya Vichar Sadhana Foundation</subfield>
    <subfield code="g">455.00</subfield>
    <subfield code="i">HO/IN/606</subfield>
    <subfield code="l">0</subfield>
    <subfield code="o">X 891 GHO B12274</subfield>
    <subfield code="p">BTIN-BK-12274</subfield>
    <subfield code="r">2026-03-09 15:56:46</subfield>
    <subfield code="t">195</subfield>
    <subfield code="v">650.00</subfield>
    <subfield code="w">2026-01-19</subfield>
    <subfield code="y">BK</subfield>
    <subfield code="z">BTIN-BK-12274</subfield>
  </datafield>
</record>
